Gravity Falls Trivia #1 - Statistics

General Stats
  • This quiz has been taken 656 times
  • The average score is 10 of 15
Answer Stats
Question Answer % Correct
How many journals are there? 3
100%
What color is Bill Cipher? Yellow
96%
What is Grunkle Stan's real name? Stanley
94%
What is on Dipper's hat? Pine Tree
91%
What is Gravity Falls' version of Halloween? Summerween
82%
According Ford, how many categories of ghosts are there? 10
78%
What is the secret ingredient in Lazy Susan's coffee omelette? Coffee
70%
What is Ford turned into in Weirdmageddon? Gold
62%
What's the name of the girl in the dating game Soos plays? GIFfany
61%
What is his full name? ^ Fiddleford Hadron McGucket
59%
What is Dipper's real name? Mason
57%
What is Wendy's last name? Corduroy
49%
How did Quentin Trembley win the election? By a landslide
48%
What is the name of the goat at the Mystery Shack? Gompers
47%
Where does McGucket live? A Junkyard
36%
No matching quizzes found
Score Distribution
Percent of People with Each Score
Percentile by Number Answered
Your Score History
You have not taken this quiz